The Party Wall Act explained : a commentary on the Party Wall etc. Act 1996. (Record no. 89328)

MARC details
000 -LEADER
fixed length control field 00780cam a2200241 4500
008 - FIXED-LENGTH DATA ELEMENTS--GENERAL INFORMATION
fixed length control field 090401t1996 xxu||||| |||| 00| 0 eng d
020 ## - INTERNATIONAL STANDARD BOOK NUMBER
International Standard Book Number 0952070413
035 ## - SYSTEM CONTROL NUMBER
System control number (Sirsi) u28710
041 ## - LANGUAGE CODE
Language code of text/sound track or separate title eng
050 ## - LIBRARY OF CONGRESS CALL NUMBER
Classification number 692.2
110 ## - MAIN ENTRY--CORPORATE NAME
Corporate name or jurisdiction name as entry element Pyramus and Thisbe Club
9 (RLIN) 3069
245 #4 - TITLE STATEMENT
Title The Party Wall Act explained : a commentary on the Party Wall etc. Act 1996.
260 ## - PUBLICATION, DISTRIBUTION, ETC.
Place of publication, distribution, etc. London
Name of publisher, distributor, etc. Pyramus and Thisbe Club
Date of publication, distribution, etc. 1996
300 ## - PHYSICAL DESCRIPTION
Extent 151p. ; 21cm.
350 ## - PRICE (NR) (BK AM CF MU VM SE) [OBSOLETE]
Price 15
520 ## - SUMMARY, ETC.
Summary, etc. Reprints the act in full with interpretation and comment for each clause. Includes an appendix with specimen forms and notices.
650 ## - SUBJECT ADDED ENTRY--TOPICAL TERM
Topical term or geographic name entry element PARTY WALL ACT 1996
650 ## - SUBJECT ADDED ENTRY--TOPICAL TERM
Topical term or geographic name entry element Party walls
9 (RLIN) 6258
690 ## - LOCAL SUBJECT ADDED ENTRY--TOPICAL TERM (OCLC, RLIN)
Topical term or geographic name as entry element BUILT ENVIRONMENT
700 ## - ADDED ENTRY--PERSONAL NAME
Personal name Anstey, John
International Standard Serial Number Editor
942 ## - ADDED ENTRY ELEMENTS (KOHA)
Suppress in OPAC 0
948 ## - LOCAL PROCESSING INFORMATION (OCLC); SERIES PART DESIGNATOR (RLIN)
c (OCLC) 04/03/1997
Holdings
Withdrawn status Lost status Source of classification or shelving scheme Damaged status Not for loan Home library Current library Shelving location Date acquired Cost, normal purchase price Total Checkouts Full call number Barcode Date last seen Date last checked out Copy number Cost, replacement price Price effective from Koha item type
    Dewey Decimal Classification     London London Missing 26/02/1997 15.00 26 692.2 PYR 30052161 06/08/2019 11/02/2005 1 15.00 06/08/2019 Book
  Missing       London London Missing 26/02/1997 15.00 63 692.2 PYR 30052162 06/08/2019 24/11/2009 2 15.00 06/08/2019 Book
    Dewey Decimal Classification     London London Books 05/05/2000   47 692.2 PYR 30061242 06/08/2019 12/12/2008 3   06/08/2019 Book